000 00287nam a22001217a 4500
008 181017b xxu||||| |||| 00| 0 eng d
041 _aeng
080 _a331.101
100 _a52
101 _aBNJ
245 _aThe Life and Behavior of Living Organisms
_cJaques,E
942 _2udc
_cBK
999 _c50044
_d50044